Sports Quiz

Random Sports Quiz

MCFC Scorers Under Pellegrini Quiz Stats

 Plays Quiz not verified by Sporcle

Also try: Ryder Cup (U.S.)
Challenge
Share
Tweet
Embed
Score 0/26 Timer 06:00
0 Plays Today
Goals Player % Correct
89Sergio Aguero
99.7%
44Yaya Toure
97%
24David Silva
97%
7Vincent Kompany
96.7%
32Edin Dzeko
94%
3Pablo Zabaleta
92.2%
15Samir Nasri
90.2%
1Gael Clichy
90.2%
9Alexsandar Kolarov
87.9%
8Jesus Navas
86.9%
14Fernandinho
86.6%
4Fernando
84.1%
23Alvaro Negredo
81.1%
Goals Player % Correct
12Raheem Sterling
80.9%
16Kevin De Bruyne
78.3%
1Nicolas Otamendi
75.8%
4Martin Demichelis
69%
14Kelechi Iheanacho
68.5%
11Stevan Jovetic
68%
10James Milner
67.3%
10Wilfried Bony
63.7%
1Manu Garcia
63.7%
2Fabian Delph
39.3%
8Frank Lampard
36.8%
1Jose Pozo
24.4%
1David Faupala
19.9%

You're not logged in!

Compare scores with friends on all Sporcle quizzes.
Join for Free
OR
Log In

You Might Also Like...

Show Comments

Extras

Top Quizzes Today


Score Distribution

Your Account Isn't Verified!

In order to create a playlist on Sporcle, you need to verify the email address you used during registration. Go to your Sporcle Settings to finish the process.

Report this User

Report this user for behavior that violates our Community Guidelines.

Details: